000
00314nam a2200121Ia 4500
008
190722s9999 xx 000 0 und d
020
_a
978-81-207-7775-0
100
_a
M F Mesiya
245
0
_a
Contemporary Communication Systems
260
_a
New Delhi
_b
Sterling Publishers
_c
2013
300
_a
301
942
_c
BK
999
_c
1054
_d
1054